000 00757ata a2200253 4500
005 20200924140038.0
008 150414b xxu||||| |||| 00| 0 spa d
041 _aEspaña
082 _a651.7 M124p
100 _aMaccio, Charles
_99233
245 _aPráctica de la expresión oral, escrita, audiovisual, corporal, trabajo personal, informática
260 _aEspaña
_bPaidotribo
_c2004
300 _a388 páginas
650 _aCOMUNICACION
_9490
650 _aENTREVISTAS
_9536
650 _aINTERNET
_959200
650 _aEXPRESION ORAL
_95239
650 _aCONFERENCIAS
_96392
650 _aREUNIONES
_91559
650 _aEXPRESION ESCRITA
_99235
650 _aEXPRESION AUDIOVISUAL
_99236
650 _aEXPRESION INFORMATICA
_99237
942 _cBK
999 _c877
_d877